000 00431nam a2200169Ia 4500
008 260407s2023 xx 000 0 und d
041 _aeng
082 _a615.4/GUD
_b11642
100 _aDR.GANESH KUMAR GUDAS
245 _aPHYSICAL PHARMACEUTICS
250 _a1ST
260 _aPUNE
_bTECHNICAL PUBLICATION
_c2023
300 _a5.16p
650 _aPHARMACEUTICS
650 _aPHYSICAL PHARMACEUTICS
700 _aB. NAGARANI
999 _c1219134
_d1219134